New situations facing the newly industrialising countries in East Asia (Record no. 10528)

000 -LEADER
fixed length control field 00328pab a2200121 454500
008 - FIXED-LENGTH DATA ELEMENTS--GENERAL INFORMATION
fixed length control field 180718b xxu||||| |||| 00| 0 eng d
100 ## - MAIN ENTRY--PERSONAL NAME
Personal name Lorenz, Detlef
245 ## - TITLE STATEMENT
Title New situations facing the newly industrialising countries in East Asia
300 ## - PHYSICAL DESCRIPTION
Extent 33-44
650 ## - SUBJECT ADDED ENTRY--TOPICAL TERM
Topical term or geographic name entry element Industry - Asia, East
773 ## - HOST ITEM ENTRY
Main entry heading Economic
909 ## -
-- 10528
Holdings
Withdrawn status Lost status Damaged status Not for loan Permanent Location Current Location Date acquired Serial Enumeration / chronology Barcode Date last seen Price effective from Koha item type
        Indian Institute of Public Administration Indian Institute of Public Administration 2018-07-19 Volume no: 36, AR10557 2018-07-19 2018-07-19 Articles

Powered by Koha